000 00464cam a2200157u 4500
082 _a355.020223
_bALT
100 1 _aAltham, Edward Altham,
_949465
245 1 4 _aThe principles of war historically illustrated,
260 _aLondon,
_bMacmillan and co.,
_c1914-
300 _av.
_c22 cm.
526 _a0
_b0
_c0
_d355_020223000000000_ALT
650 0 _aMCE
_9379
650 0 _aMilitary art and science.
_937914
650 0 _aMilitary history.
_91735
942 _2ddc
_cBK
999 _c552864
_d552864